MOMA Highlights : 350 Works from The Museum of Modern Art, New York /

Se presentan aquí 350 obras desacadas de la colección del MOMA, acomapañada cada imagen con un pequeño texto explicativo. Los trabajos pertenecen a los diversos departamentos del museo: pintura y escultura, dibujo, ilustración, arquitectura y diseño, fotografía y cine y medios. El libro abre con un...

Ful tanımlama

Kaydedildi:
Detaylı Bibliyografya
Müşterek Yazar: Museum of Modern Art (Nueva York)
Diğer Yazarlar: Bee, Harriet Schoenholz (edición) (edición), Heliczer, Cassandra (edición) (edición), Lowry, Glenn D. (introducción) (introducción)
Materyal Türü: Kitap
Dil:İngilizce
Baskı/Yayın Bilgisi: Nueva York, EUA : Museum of Modern Art, 2004, c2004
Edisyon:2a edición
Konular:
Etiketler: Etiketle
Etiket eklenmemiş, İlk siz ekleyin!

MARC

LEADER 00000nam^a2200000^a^4500
001 000181809
005 20250521000000.0
009 20260310101946.677
020 |a 0-87070-490-7 
037 |a Acervo ITESO - Biblioteca 
041 |a ING 
082 |a 708. 973471  |b MOMA SCH 
110 |a Museum of Modern Art (Nueva York) 
240 1 1 |a [MOMA Highlights: 350 obras del Museum of Modern Art, New York] 
245 1 0 |a MOMA Highlights :  |b 350 Works from The Museum of Modern Art, New York /  |c Museum of Modern Art ; ed. de H. Schoenholz Bee, C. Heliczer ; introd. de G.D. Lowry. 
250 |a 2a edición 
264 4 |a Nueva York, EUA :  |b Museum of Modern Art,  |c 2004, c2004 
300 |a 380 p. 
336 |a texto  |b txt  |2 rdacontenido 
337 |a sin mediación  |b n  |2 rdamedio 
338 |a volumen  |b nc  |2 rdasoporte 
520 |a Se presentan aquí 350 obras desacadas de la colección del MOMA, acomapañada cada imagen con un pequeño texto explicativo. Los trabajos pertenecen a los diversos departamentos del museo: pintura y escultura, dibujo, ilustración, arquitectura y diseño, fotografía y cine y medios. El libro abre con un texto sobre la historia del MOMA y del desarrollo de la colección. 
649 |a XX 
650 |a Museos y Galerías -  |z Nueva York, EUA (Ciudad) -  |x Colecciones -  |x Tema Principal 
650 |a Museos y Galerías -  |z EUA -  |x Colecciones 
650 |a Museos y Galerías -  |x Colecciones 
650 |a Desarrollo de Colecciones (Arte) 
650 |a Diseño -  |z Nueva York, EUA -  |x Colecciones 
650 |a Diseño -  |z EUA -  |x Colecciones 
650 |a Diseño -  |x Colecciones 
650 |a Fotografía -  |z Nueva York, EUA -  |x Colecciones 
650 |a Fotografía -  |z EUA -  |x Colecciones 
650 |a Fotografía -  |x Colecciones 
650 |a Cine -  |z Nueva York, EUA -  |x Colecciones 
650 |a Cine -  |z EUA -  |x Colecciones 
650 |a Cine -  |x Colecciones 
650 |a Arte Moderno -  |z Nueva York, EUA -  |x Colecciones 
650 |a Arte Moderno -  |z EUA -  |x Colecciones 
650 |a Arte Moderno -  |x Colecciones 
650 |a Arte Moderno -  |x Historia y Crítica 
650 |a Arte -  |x Historia y Crítica 
650 |a Arte -  |y Siglo XX 
700 |a Bee, Harriet Schoenholz  |e (edición) 
700 |a Heliczer, Cassandra  |e (edición) 
700 |a Lowry, Glenn D.  |e (introducción) 
910 |a Fondo General 
920 |a Impresos - Libros 
930 |a Reserva Especial 
905 |a 103 
901 |a 0500121380  |b IT1  |c REE  |u 20250521 
902 |a https://opac.biblio.iteso.mx/vufind/Record/000181809